Statistiques concernant Quiz sur le Stade Rochelais

Cliquez ici pour prendre le quiz!

Statistiques générales

  • Ce quiz a été pris 50 fois
  • Le résultat moyen est 7 sur 10

Statistiques - réponses

QuestionRéponse% Correct
Dans quel stade évolue le Stade Rochelais ?Stade Marcel Deflandre
98%
Combien de titres européens a gagné le Stade Rochelais ?2
93%
Qui est l'entraîneur actuel ?Ronan O'Gara
93%
Qui est le président du club ?Vincent Merling
76%
Lequel de ces joueurs possède le record d'apparitions sous le maillot rochelais ?Romain Sazy
62%
Quel est l'un des surnoms des supporters rochelais ?Les bagnards
57%
Un de ces joueurs champion d'Europe avec le club est né à La Rochelle :Matthias Haddad
52%
Qui est le joueur rochelais actuel le plus capé dans le XV de France ?Uini Atonio
50%
En quelle année a été créé le Stade Rochelais ?1896
40%
Lequel de ces joueurs a marqué le plus de points en Coupe d'Europe pour le Stade Rochelais ?Ihaia West
33%

Distribution des résultats

Percentile par nombre de réponses

% des personnes avec chaque résultat

Votre développement - résultats

Vous n’avez pas pris ce quiz